000 00579nam a2200229Ia 4500
005 20250425161756.0
008 250425s9999 xx 000 0 und d
020 _a8448120884
041 _aspa
082 _a004.6
100 _aCRAWFORD, J.
245 0 _aGUIA COMPLETA DE MICROSOFT BACKOFFICE EDICION PYME
250 _a1A ED.
260 _aEspaƱa
_bMCGRAW HILL
_c1998
260 _aMADRID
300 _a532
650 _aMICROSOFT BACKOFFICE
650 _aREDES DE COMPUTADORAS
700 _aCARLOS FERNANDEZ CONDE
_etraductor
942 _c01
010 _a28496
999 _c215862
_d215862